Introduction to photovoltaic system design (Record no. 6533)

MARC details
000 -LEADER
fixed length control field 00553 a2200193 4500
001 - CONTROL NUMBER
control field 132152
003 - CONTROL NUMBER IDENTIFIER
control field OSt
005 - DATE AND TIME OF LATEST TRANSACTION
control field 20211012120918.0
008 - FIXED-LENGTH DATA ELEMENTS--GENERAL INFORMATION
fixed length control field
082 ## - DEWEY DECIMAL CLASSIFICATION NUMBER
Classification number 511.6076
Item number B19I
100 1# - MAIN ENTRY--PERSONAL NAME
Personal name Balfour, John
245 1# - TITLE STATEMENT
Title Introduction to photovoltaic system design
Statement of responsibility, etc by John Balfour, Michael Shaw and Nicole Bremer Nash
260 ## - PUBLICATION, DISTRIBUTION, ETC. (IMPRINT)
Place of publication, distribution, etc Burlington
Name of publisher, distributor, etc Jones and Bartlett
Date of publication, distribution, etc 2013
300 ## - PHYSICAL DESCRIPTION
Extent 236p.
690 ## - LOCAL SUBJECT ADDED ENTRY--TOPICAL TERM (OCLC, RLIN)
Topical term or geographic name as entry element Photovoltaic power systems
700 ## - ADDED ENTRY--PERSONAL NAME
Personal name Shaw, Michael
700 ## - ADDED ENTRY--PERSONAL NAME
Personal name Nash, Nicole Bremer
942 ## - ADDED ENTRY ELEMENTS (KOHA)
Source of classification or shelving scheme Dewey Decimal Classification
Koha item type Books
Holdings
Withdrawn status Lost status Source of classification or shelving scheme Damaged status Not for loan Collection code Home library Current library Date acquired Source of acquisition Cost, normal purchase price Full call number Barcode Date last seen Price effective from Koha item type
    Dewey Decimal Classification     General Text Book Central University Of Rajasthan Central University Of Rajasthan 08/06/2012 CSC 2.00 511.6076 B19I 8933 21/11/2024 02/09/2020 Books